Друга світова війна і доля народів України (Запис № 17580)

000 -Маркер запису
Контрольне поле сталої довжини 01901nam a22002537a 4500
003 - Належність контрольного номера
Контрольне поле Uzh_bibl
008 - Кодовані дані
Контрольне поле сталої довжини 260430b |||||||| |||| 00| 0 ukr d
020 ## - Індекс ISBN
ISBN 966-8274-12-1
Ціна 6.50
040 ## - Джерело каталогіз.
Код мови каталог. укр.
041 ## - Код мови видання
Код мови оригіналу українська
Код мови тексту українська
080 ## - Індекс УДК
Індекс УДК 94(477)
090 ## - Шифри
Поличний індекс 94(477)
Авторський знак Д 76
100 ## - Автор
Автор
245 ## - Назва
Назва Друга світова війна і доля народів України
Фізичний носій Текст
260 ## - Вихідні дані
Місце видання Київ
Видавництво Зовнішторгвидав
Дата видання 2007
300 ## - Фізичний опис
Обсяг 416 с.
520 ## - Анотація
Анотація У збірці вміщено доповіді учасників Всеукраїнської наукової конференції, які висвітлюють місце національної проблематики в ідеології і пропаганді воюючих сторін, проблеми міжнаціональних відносин, історію національно-політичних і національно-визвольних рухів, різні сторони національного життя народів України під час війни. Досліджено також національну політику Радянського Союзу, нацистської Німеччини і держав Східної Європи на українських землях протягом 1930–1950-х років. Окреме місце приділено сучасним рефлексіям подій тих років.
521 ## - Примітка про цільове призначення
Примітка про цільове призначення Для широкого кола читачів
546 ## - Примітка про мову
Примітка про мову укр.
650 ## - Тематичні рубрики
Основна рубрика Науково-популярне видання
Типове ділення Історія України
653 ## - Ключові слова
Ключові слова Міжнаціональні відносини
-- Народи України
655 ## - Термін індексування — жанр/форма
Типове ділення Матеріали Всеукраїнської наукової конференції
942 ## - ADDED ENTRY ELEMENTS (KOHA)
Джерело класифікації чи схема поличного розташування
Koha item type Книги
Фонди
Статус вилучення Статус втрати/відсутності Джерело класифікації чи схема поличного розташування Статус пошкодження Тип обігу (не для випозичання) Постійне розташування Поточне розташування Розташування у відділі Дата надходження Інвентарний номер Total Checkouts Повний (примірниковий) шифр зберігання Штрих-код Date last seen Дата, для якої чинна ціна заміни Тип одиниці (рівень примірника)
          Публічна бібліотека Публічна бібліотека Абонемент 30/04/2026 57907   94(477) 19349 30/04/2026 30/04/2026 Книги

Працює на АБІС Коха